<?xml version="1.0" encoding="UTF-8"?>
<record
    xmlns:xsi="http://www.w3.org/2001/XMLSchema-instance"
    xsi:schemaLocation="http://www.loc.gov/MARC21/slim http://www.loc.gov/standards/marcxml/schema/MARC21slim.xsd"
    xmlns="http://www.loc.gov/MARC21/slim">

  <leader>01786cam a22002653a 4500</leader>
  <controlfield tag="001">11123</controlfield>
  <controlfield tag="003">PGUSA</controlfield>
  <controlfield tag="005">20140828083233.0</controlfield>
  <controlfield tag="008">040201s2004||||xxu|||||s|||||000 | eng d</controlfield>
  <datafield tag="040" ind1=" " ind2=" ">
    <subfield code="a">PGUSA</subfield>
    <subfield code="b">eng</subfield>
  </datafield>
  <datafield tag="042" ind1=" " ind2=" ">
    <subfield code="a">dc</subfield>
  </datafield>
  <datafield tag="050" ind1=" " ind2="4">
    <subfield code="a">PT</subfield>
  </datafield>
  <datafield tag="245" ind1="1" ind2="4">
    <subfield code="a">The German Classics of the Nineteenth and Twentieth Centuries, Volume 01 :</subfield>
    <subfield code="b">Masterpieces of German Literature Translated into English.</subfield>
    <subfield code="h">[electronic resource]</subfield>
  </datafield>
  <datafield tag="260" ind1=" " ind2=" ">
    <subfield code="b">Project Gutenberg,</subfield>
    <subfield code="c">2004</subfield>
  </datafield>
  <datafield tag="505" ind1="0" ind2=" ">
    <subfield code="a">The Life of Goethe. By Calvin Thomas -- Greeting and Departure. -- The Heathrose. -- Mahomet's Song. -- Prometheus. -- The Wanderer's Night-Song. -- The Sea-Voyage. -- To the Moon. -- The Fisherman. -- The Wanderer's Night-Song. -- The Erl-King. -- The Godlike. -- Mignon. -- Proximity of the Beloved One. -- The Shepherd's Lament. -- Nature and Art -- Comfort in Tears. -- Epilog to Schiller's "Song of the Bell." -- Ergo Bibamus. -- The Walking Bell. -- Found. -- Hatem. -- Reunion. -- Procemion. -- The One and The All. -- Lines on Seeing Schiller's Skull. -- A Legacy. -- Introduction to Hermann and Dorothea. By Arthur H. Palmer -- Harmann and Dorothea. -- Introduction to Iphigenia in Tauris. By Arthur H. Palmer -- Iphigenia in Tauris. -- The Faust Legend from Marlowe to Goethe. By Kuno Francke -- Introduction to Faust. by Calvin Thomas -- Faust (Part I and II).</subfield>
  </datafield>
  <datafield tag="506" ind1=" " ind2=" ">
    <subfield code="a">Public domain in the USA.</subfield>
  </datafield>
  <datafield tag="516" ind1=" " ind2=" ">
    <subfield code="a">Electronic text</subfield>
  </datafield>
  <datafield tag="653" ind1=" " ind2=" ">
    <subfield code="a">Goethe, Johann Wolfgang von, 1749-1832</subfield>
  </datafield>
  <datafield tag="653" ind1=" " ind2=" ">
    <subfield code="a">German literature -- 20th century -- Translations into English</subfield>
  </datafield>
  <datafield tag="653" ind1=" " ind2=" ">
    <subfield code="a">German literature -- 19th century -- Translations into English</subfield>
  </datafield>
  <datafield tag="700" ind1="1" ind2=" ">
    <subfield code="a">Francke, Kuno,</subfield>
    <subfield code="d">1855-1930</subfield>
  </datafield>
  <datafield tag="830" ind1=" " ind2="0">
    <subfield code="a">Project Gutenberg</subfield>
    <subfield code="v">11123</subfield>
  </datafield>
  <datafield tag="856" ind1="4" ind2="0">
    <subfield code="u">http://www.gutenberg.org/ebooks/11123</subfield>
  </datafield>
  <datafield tag="942" ind1=" " ind2=" ">
    <subfield code="c">EB</subfield>
  </datafield>
  <datafield tag="999" ind1=" " ind2=" ">
    <subfield code="c">240378</subfield>
    <subfield code="d">240378</subfield>
  </datafield>
  <datafield tag="952" ind1=" " ind2=" ">
    <subfield code="0">0</subfield>
    <subfield code="1">0</subfield>
    <subfield code="4">0</subfield>
    <subfield code="a">GTB</subfield>
    <subfield code="b">GTB</subfield>
    <subfield code="d">2014-08-28</subfield>
    <subfield code="l">0</subfield>
    <subfield code="r">2014-08-28 00:00:00</subfield>
    <subfield code="w">2014-08-28</subfield>
    <subfield code="y">EB</subfield>
  </datafield>
</record>
